Statistics for Cities of Ventura County on a map

Click here to take the quiz!

General Stats

  • This quiz has been taken 176 times
  • The average score is 7 of 10

Answers on the Map

Answers color-coded by a green-red scale on the quiz's map according to % correct below.
 

Answer Stats

Answer% Correct
Oxnard
98%
Ventura
96%
Thousand Oaks
90%
Simi Valley
87%
Camarillo
76%
Moorpark
65%
Port Hueneme
63%
Ojai
62%
Fillmore
55%
Santa Paula
48%

Score Distribution

Percentile by Number Answered

Percent of People with Each Score

Your Score History

You have not taken this quiz